Religion and modern doubts. (Record no. 23652)

MARC details
000 -LEADER
fixed length control field 00398nam a2200145 4500
082 00 - DEWEY DECIMAL CLASSIFICATION NUMBER
Classification number 291
Author Cutter NIR
100 0# - MAIN ENTRY--AUTHOR NAME
Author name Nirvedananda,
245 10 - TITLE STATEMENT
Title Religion and modern doubts.
250 ## - EDITION STATEMENT
Edition statement [5th ed., enl.
260 ## - PUBLICATION, DISTRIBUTION, ETC. (IMPRINT)
Place of publication Calcutta]
Name of publisher Ramakrishna Mission Calcutta Students' Home; [sole distributors: Friends' Pub. Forum,
Year of publication 1968]
300 ## - PHYSICAL DESCRIPTION
Number of Pages 175 p.
650 #0 - SUBJECT ADDED ENTRY--TOPICAL TERM
Topical Term Religion.
650 #0 - SUBJECT ADDED ENTRY--TOPICAL TERM
Topical Term Vedanta.
942 ## - ADDED ENTRY ELEMENTS (KOHA)
Koha item type Books
Holdings
Home library Current library Shelving location Date acquired Source of acquisition Cost, normal purchase price Full call number Accession Number Koha item type
Henry Martyn Institute Library Henry Martyn Institute Library General stacks 11/06/2025 Director 30.00 291 NIR 024653 Books
                   Copyright © 2026 | Henry Martyn Institute | Hyderabad | TS-500052 | INDIA | Implemented by hmi.edu.in
Hit-Count:

Powered by Koha